00465nam a2200133Ia 4500008004100000041000800041082001600049100001800065245006300083260002900146300003200175999001700207952010700224240624s9999 xx 000 0 und d aeng a332.632 MOG aMOGUL SAMIR S aTAX AND FINANCIAL PLANNING GUIDE FOR INVESTORS AND TRADER  c2008aNew DelhibTaxmann ai-63, : 621 : p. : cm. ; 24 c21563d21563 00104070aIMTNbIMTNcRack 11-Ad2013-07-22o332.632 MOGp21563r2024-06-24 00:00:00w2024-06-24yBK